¿Negacionismo y errores cognitivos? : (Record no. 215492)

MARC details
000 -CABECERA
campo de control de longitud fija 01780nab a2200253 ab4500
005 - FECHA Y HORA DE LA ÚLTIMA TRANSACCIÓN
campo de control 20260702134259.0
008 - ELEMENTOS DE LONGITUD FIJA--INFORMACIÓN GENERAL
campo de control de longitud fija 260604b2025 sp tr poo| 0 0 spa d
003 - IDENTIFICADOR DEL NÚMERO DE CONTROL
campo de control
040 ## - FUENTE DE LA CATALOGACIÓN
Centro catalogador/agencia de origen MX-MxUPN
Lengua de catalogación spa
Centro/agencia transcriptor MX-MxUPN
Normas de descripción aacr2
100 1# - ASIENTO PRINCIPAL--NOMBRE PERSONAL
Nombre de persona Ganuza, Ernesto
9 (RLIN) 60193
100 1# - ASIENTO PRINCIPAL--NOMBRE PERSONAL
Nombre de persona Ramos Pérez, Alfredo
9 (RLIN) 60194
245 11 - MENCIÓN DE TÍTULO
Título ¿Negacionismo y errores cognitivos? :
Resto del título el origen social de las preferencias
Medio [recurso electrónico en línea]
506 0# - NOTA DE RESTRICCIONES AL ACCESO
Limitaciones de acceso Acceso abierto
520 3# - NOTA DE RESUMEN, ETC.
Sumario, etc. El rechazo a las evidencias suele interpretarse como un error cognitivo, lo que se asocia a rasgos irracionales de los actores. Este trabajo muestra las incongruencias de este modelo explicativo, siguiendo las contradicciones del comportamiento humano. En su lugar se propone interpretar la formación de preferencias desde la interacción social. Lo que es un error en el primer modelo (el razonamiento motivado) es un sesgo muy presente en la racionalidad humana que se explica mejor desde la interacción social. Antes que un error cognitivo, los actores justifican sus preferencias de acuerdo con su pertenencia a una específica red social. Mediante esta, hay historias que buscan conformidad y consistencia en las interacciones sociales. Como error cognitivo, despolitizamos la formación de preferencias y erradicamos con ello la agencia de los individuos.
Fuente proveedora REIS
650 ## - ASIENTO SECUNDARIO DE MATERIA - TERMINO TEMATICO
Término de materia o nombre geográfico como elemento de entrada Interacción social
9 (RLIN) 8936
653 ## - TERMINO DE INDIZACION - NO CONTROLADO
Término no controlado Comportamiento
653 ## - TERMINO DE INDIZACION - NO CONTROLADO
Término no controlado Negacionismo
653 ## - TERMINO DE INDIZACION - NO CONTROLADO
Término no controlado Razonamiento motivado
773 ## - ENLACE AL DOCUMENTO FUENTE/ENTRADA DE REGISTRO ANFITRIÓN
Parte(s) relacionada(s) No. 193 (2025), p. 53-70
Título REIS: revista española de investigaciones sociológicas
Número Internacional Normalizado para Publicaciones Seriadas 1988-5903
856 4# - LOCALIZACIÓN Y ACCESO ELECTRÓNICOS
Identificador Uniforme del Recurso <a href="https://reis.cis.es/index.php/reis/article/view/2476">https://reis.cis.es/index.php/reis/article/view/2476</a>
856 4# - LOCALIZACIÓN Y ACCESO ELECTRÓNICOS
Identificador Uniforme del Recurso <a href="https://reis.cis.es/index.php/reis/article/view/2476/3065">https://reis.cis.es/index.php/reis/article/view/2476/3065</a>
902 ## - ELEMENTOS DE DATOS B LOCAL, LDB (RLIN)
Creó Leonor Sotres/020726
942 ## - ELEMENTOS DE PUNTO DE ACCESO ADICIONAL (KOHA)
Tipo de ítem Koha Artículo Electrónico
Holdings
Estado de retiro Estado de pérdida Estado dañado No para préstamo Código de colección Localización permanente Ubicación/localización actual Ubicación en estantería Fecha de adquisición Total de préstamos Fecha visto por última vez Identificador Uniforme del Recurso Precio válido a partir de Tipo de ítem Koha
        Acceso abierto Bib. Gregorio Torres Quintero Bib. Gregorio Torres Quintero En línea 02/07/2026   02/07/2026 https://reis.cis.es/index.php/reis/article/view/2476 02/07/2026 Artículo Electrónico